000 00568nam a2200205Ia 4500
003 GCL
008 140319s9999 xx 000 0 ara d
040 _aGCL /
_cGCL
082 0 4 _a243
_bب ش
100 1 _aالبونى احمد بن على
245 1 0 _aشمس المعارف الكبرى /
_cالبونى احمد بن على
260 _a[S.N] :
_bالمكتبة الثقافية ،
_c1900
300 _a576 ص
490 _a
650 0 4 _aالاسلام
650 0 4 _aالدعاء
650 0 4 _aالدجل
650 0 4 _aالاوراد
942 _2ddc
_cBK
999 _c31904
_d31904